000 00480nam a2200193Ia 4500
005 20240528101719.0
008 131103s9999 xx 000 0 und d
020 _a0 560 00181 9
040 _aLoreto College
041 _aEnglish
082 _a510.07
_bMAT
100 _aSlater, J.D.
245 _aMathematics through action
_cJ.D.Slater
260 _aGreat Britain
_bE J Arnold
_c1971
300 _a131p.
_b ill.
650 _aMathematics
850 _aLCBED
942 _cBK
999 _c28071
_d78550